Enciclopedia de circuitos electrónicos : 3103 circuitos

Bibliographic Details
Main Author: Markus, John
Format: Section = Libro
Language:Undetermined
Spanish
Published: México Marcombo 1981
Subjects:
LEADER 00494nam a2200181Ia 4500
008 240829s9999 xx 000 0 und d
020 |a 84-267-0002-0 
040 |a BIBLIOTECA-RUSB/ Ref 621.38132 M346 
041 |a spa 
082 |a Ref 621.38132 M346 
100 1 |a Markus, John 
245 1 0 |a Enciclopedia de circuitos electrónicos : 3103 circuitos 
260 |a México  |b Marcombo  |c 1981 
300 |a 886 p. :il. 
650 7 |a CIRCUITOS ELECTRONICOS 
942 |c BK  |2 ddc 
991 |a TEXTO 
999 |c 6135